| 000 | 00930nam a22002897a 4500 | ||
|---|---|---|---|
| 003 | CHAP | ||
| 005 | 20220817042633.0 | ||
| 008 | 971013s1980 r 10010 d | ||
| 010 | _a50588 | ||
| 011 | _a51560 | ||
| 035 | _a55710 | ||
| 040 | _cCHAP | ||
| 082 |
_a635.21 _bP55 |
||
| 111 | 0 | 0 |
_aPlanning Conference on the Developments in the Control of Bacterial Diseases of Potatoes ( _d1979 _c: Lima) _988742 |
| 245 | _aReport | ||
| 260 |
_aLima : _bInternational Potato Center, _c1980 |
||
| 300 |
_a137 p. _b: gráfs. |
||
| 590 |
_aBATCH-UPD _b10 _c20130110 _lUCH01 _h1708 |
||
| 590 |
_aCONVERSION _b10 _c20130109 _lUCH01 _h1327 |
||
| 650 | 1 | 4 |
_aBacterium solanacearum. _99343 |
| 650 | 1 | 4 |
_aControl de plagas. _927595 |
| 650 | 1 | 4 |
_aPapa _xEnfermedades por bacterias. _985228 |
| 710 | 0 | _aCentro Internacional de la Papa. | |
| 901 | _aBK | ||
| 942 | _cLIBRO | ||
| 949 |
_a635.21 P55 _bBC _cLIBRO _d-122103 _eLIBRO _h51164 _i55710 _mD _si |
||
| 999 |
_c50588 _d50588 |
||